La réponse est un palindrome - Statistiques

Statistiques générales
  • Ce quiz a été pris 274 fois
  • Le résultat moyen est 10 sur 16
Statistiques - réponses
Question Réponse % Correct
Signal de détresse SOS
95%
Un certain nombre de dalmatiens 101
94%
Texto SMS
88%
Marley, Morane, ou l'éponge Bob
84%
11 x 11 121
81%
Pas lui Elle
79%
Groupe de musique suédois ABBA
78%
Un explosif TNT
74%
Un perroquet haut en couleurs Ara
65%
Doigts griffus des rapaces Serres
51%
Film d'Alain Chabat se déroulant à l'âge de pierre RRRrrrr
49%
Pas des duos Solos
45%
Pièce intermédiaire entre un milieu clos et l'extérieur Sas
41%
Médicament contre l'anxiété Xanax
27%
La première dame Eve
26%
Empereurs ou monarques d'Iran (Perse) Shahs
23%
Aucun quiz correspondant
Distribution des résultats
% des personnes avec chaque résultat
Percentile par nombre de réponses
Votre historique - résultats
Vous n’avez pas pris ce quiz